000 00524nam a2200205Ia 4500
005 20240513011307.0
008 240331s9999 xx 000 0 und d
020 _a0422602302
082 _bMAN
_a331.4
100 _a
245 0 _aIn a man's world :
_bessays on women in male-dominated professions
250 _a1 st
260 _aLondon
_bTavistock publications Ltd
_c1987
300 _a240 p .,
650 _aWomen
650 _asex
700 _aSpencer, Anne
_eedt
700 _aPodmore, David
_eedt
942 _cL
999 _c2693
_d2693